00311 a2200109 4500001001000000005001700010008004100027245003100068100002000099773006500119999001700184ART_1290920260410161909.0260409a 10aLos presupuestos base cero1 aPyhrr, Peter A.0 tCostos y gestióng- Año 13, Nº 53 (sep. 2004)wREV12786 c26670d26670